000 01021nam a2200277 c 4500
003 BLK
005 20180422110825.0
008 180409b bul|||||r ||||||| ||bul||
010 _aKNG00127856000
040 _aBLK
041 _aBUL
_cBUL
080 _aБългарска литература
_b821.163.2
_x-1
_z821.163.2-1
100 1 _aАнтонов, Николай Йорданов
_eпърви автор
_9363434
139 _aАнтонов, Николай Йорданов
_bА 75
245 1 0 _aДостойнство
_bЛирика
_cНиколай Йорданов Антонов.
257 _aBGR
260 София
_bБълг. писател
_c1985
_fВраца : В. Александров
300 _a68 с.
_c21 см
380 _aX
500 _a1 111 тир.
852 _aЦб 139313
856 4 _qpdf
_u
856 4 _qpdf
_u
942 _cKNG
_n0
944 _aCR
_c23.02.2012
_l23.02.2012 - от С1,Р / 23.02.2012
_kГеновева_Генчева
944 _aED
_c23.02.2012
_l23.02.2012 - от С1,Р / 23.02.2012
_k
999 _c122221
_d122221